000 02784cam a2200373 i 4500
001 768714001
003 CO-MdFUSB
005 20240530084636.0
007 ta
008 190109t20192019gau b 001 0 eng
020 _a1628372435
040 _aDLC
_beng
_erda
_cCO-MdFUSB
_dOCLCF
_dOCLCO
_dKPS
_dELW
_dKAT
_dFPD
041 _aeng
082 _223
_a221.6
_bP921
245 0 0 _aPrayers and the construction of Israelite identity /
_ceditado por Susanne Gillmayr-Bucher , Maria Häusl.
264 1 _aAtlanta :
_bSBL Press,
_c[2019]
264 4 _c©2019.
300 _axi, 245 páginas ;
_c23 cm.
336 _atexto
_btxt
_2rdacontent.
337 _asin mediación
_bn
_2rdamedia.
338 _avolumen
_bnc
_2rdacarrier.
490 1 _aAncient Israel and its literature ;
504 _aIncludes bibliographical references and indexes.
505 0 0 _gIntroducción /
_rSusanne Gillmayr-Bucher,
_rMaria Häusl --
_gDando forma a los libros bíblicos a través de la oración --
_tDando forma retórica e ideológicamente a la narrativa a través del discurso de oración directo e indirecto en Crónicas /
_rMichael D. Matlock --
_tOraciones en el libro de Jonás: ¿reflexiones sobre las diferentes identidades "israelitas"?/
_rDirk J. Human --
_tEntonces oré al Dios del cielo (Neh 2:4): oración y oraciones en los libros de Esdras y Nehemías /
_rMaria Häusl --
_tIdentidad y justicia social en Yehud postexílico: leyendo Nehemías 9 en una perspectiva liberacionista africana. /
_rNdikho Mtshiselwa --
_g(Re)modelar figuras bíblicas a través de oraciones. --
_tCuentos de prueba: Génesis 22 y Daniel 3 y 6 /
_rChristo Lombaard --
_tGloria y remordimiento: transiciones en la oración de Salomón (1 Reyes 8) /
_rSusanne Gillmayr-Bucher --
_tLa(s) oración(es) de Ana en 1 Samuel 1-2 y en el Liber antiquitatum biblicarum de Pseudo-Philo/
_rHannes Bezzel --
_g(Re-)construyendo la identidad en las oraciones del Salterio.--
_tEl salmo 37 y la devocionalización de la instrucción en el período postexílico /
_rScott C. Jones --
_tSancionar y subvertir: las reutilizaciones del Salmo 132 en la Biblia hebrea/
_rMelody D. Knowles --
_tAspectos del recuerdo y la construcción dinámicos en el Salmo 145: una contribución al estudio de la oración en los tiempos persa y helenístico. /
_rNancy Rahn.
630 0 7 _aBiblia.
_pAntiguo Testamento
_xCrítica, interpretación, etc.
650 7 _986
_aOración
700 1 _aGillmayr-Bucher, Susanne,
_d1962-
_eeditor
700 1 _aHäusl, Maria.
_eeditor
776 0 8 _iOnline version:
_tPrayers and the construction of Israelite identity.
_dAtlanta : SBL Press, 2019
_z9780884143673
_w(DLC) 2019005096
_w(OCoLC)1084618341.
830 0 _aAncient Israel and its literature ;
_vno. 35.
942 _cBK
945 _aJTF-925
999 _c67135
_d67135